[Event "Amager Aabne Klubmesterskab G3 2015"]
[Site "Sundbyoster"]
[Date "2015.01.20"]
[Round "1"]
[White "Tronning, Mark Philip"]
[Black "Jensen, Ole Yde"]
[Result "1-0"]
[WhiteElo "1359"]
[BlackElo "1417"]
[PlyCount "103"]
[EventDate "2015.??.??"]

1. e4 e6 2. d4 d5 3. Nc3 Nf6 4. Bg5 Be7 5. exd5 exd5 6. Nf3 c6 7. Be2 h6 8. Bh4
Bf5 9. O-O O-O 10. Re1 Bd6 11. h3 Nbd7 12. Bd3 Bxd3 13. Qxd3 Qc7 14. Bxf6 Nxf6
15. Nh4 Rfe8 16. Nf5 Bf8 17. Ne3 Re6 18. Re2 Rae8 19. Rae1 Nh5 20. Qd1 Nf4 21.
Rd2 Qd7 22. Qg4 Qc7 23. Ne2 Bd6 24. Nxf4 Bxf4 25. Rde2 Rg6 26. Qf5 Rge6 27. c3
Re4 28. Qh5 g6 29. Qf3 Kg7 30. g3 Bd6 31. Kf1 Qd7 32. h4 h5 33. Kg1 f5 34. Ng2
Qc7 35. Rxe4 fxe4 36. Qe3 Rf8 37. Re2 Rf3 38. Qd2 b5 39. b4 a5 40. a3 axb4 41.
axb4 Qa7 42. Re3 Rf8 43. Re1 Ra8 44. Nf4 Qa2 45. Qc1 Rf8 46. Ne6+ Kg8 47. Nxf8
Kxf8 48. Qh6+ Kf7 49. Qh7+ Kf6 50. Qd7 Bxg3 51. fxg3 e3 52. Rf1+ 1-0

[Event "Amager Aabne Klubmesterskab G3 2015"]
[Site "Sundbyoster"]
[Date "2015.01.20"]
[Round "1"]
[White "Gade, Jens"]
[Black "Kinch, Peder"]
[Result "1-0"]
[WhiteElo "1348"]
[BlackElo "1431"]
[PlyCount "63"]
[EventDate "2015.??.??"]

1. d4 Nf6 2. c4 d5 3. e3 Bf5 4. Nf3 e6 5. Nc3 Bb4 6. Qb3 c5 7. cxd5 exd5 8. Be2
O-O 9. O-O Bxc3 10. bxc3 cxd4 11. cxd4 b6 12. Ba3 Re8 13. Rac1 Nbd7 14. Rc6 Be4
15. Rfc1 Re6 16. Rc7 Ne8 17. R7c3 Nd6 18. Ne5 Rc8 19. Nc6 Qg5 20. f3 Rg6 21. g3
Nf5 22. f4 Qf6 23. Kf2 Rxc6 24. Rxc6 Qxc6 25. Rxc6 Rxc6 26. Bd1 g6 27. Qa4 Rc3
28. Qxa7 Nxe3 29. Bb3 Nf6 30. h3 Nc4 31. Qa8+ Kg7 32. Bf8+ 1-0

[Event "Amager Aabne Klubmesterskab G3 2015"]
[Site "Sundbyoster"]
[Date "2015.01.20"]
[Round "1"]
[White "Andersen, Peter"]
[Black "Nielsen, Angelo"]
[Result "1/2-1/2"]
[WhiteElo "1339"]
[BlackElo "1440"]
[PlyCount "95"]
[EventDate "2015.??.??"]

1. Nf3 Nf6 2. g3 g6 3. Bg2 d6 4. d4 Bg7 5. O-O O-O 6. c4 c6 7. Nc3 Nbd7 8. e4
e5 9. d5 Nc5 10. Nd2 Qb6 11. Qe2 Bg4 12. Bf3 h5 13. Kh1 Bh6 14. b3 Qa5 15. Nd1
Bxd2 16. Bxd2 Bxf3+ 17. Qxf3 Qxd2 18. Qxf6 Nxe4 19. Qf3 f5 20. Ne3 Ng5 21. Qg2
c5 22. Rfd1 Qe2 23. Re1 Qf3 24. h4 Qxg2+ 25. Kxg2 Nf7 26. Nc2 Rae8 27. Re2 Re7
28. Rae1 Rfe8 29. a3 Kg7 30. f3 Kf6 31. f4 exf4 32. Rxe7 Rxe7 33. Rxe7 Kxe7 34.
gxf4 Nh6 35. Kf3 Ng4 36. Ne3 Nf6 37. b4 Ne4 38. b5 a5 39. Ke2 Kd7 40. Kd3 Kc7
41. Ke2 Kb6 42. Kd3 Nf2+ 43. Ke2 Ne4 44. Kd3 Nf6 45. Ke2 Ne8 46. Kf3 Nc7 47.
Ke2 a4 48. Kd3 1/2-1/2

[Event "Amager Aabne Klubmesterskab G3 2015"]
[Site "Sundbyoster"]
[Date "2015.02.03"]
[Round "2"]
[White "Kinch, Peder"]
[Black "Andersen, Peter"]
[Result "1/2-1/2"]
[WhiteElo "1431"]
[BlackElo "1339"]
[PlyCount "86"]
[EventDate "2015.??.??"]

1. f4 d5 2. Nf3 c5 3. e3 Nc6 4. b3 Nf6 5. Bb2 a6 6. c4 e6 7. cxd5 exd5 8. Na3
b5 9. Rc1 c4 10. bxc4 dxc4 11. Nc2 Be7 12. Be2 O-O 13. O-O Bb7 14. Ncd4 Nxd4
15. Bxd4 Ne4 16. d3 cxd3 17. Bxd3 Rc8 18. Bxe4 Bxe4 19. Nd2 Bb7 20. Qe2 Qd5 21.
Nb3 f5 22. Rfd1 Rxc1 23. Rxc1 Rc8 24. Rxc8+ Bxc8 25. Qc2 Bb7 26. Nc1 Kf7 27.
Nd3 Bd6 28. Ne1 Qe4 29. Qxe4 Bxe4 30. Nf3 Bxf3 31. gxf3 g6 32. Kf2 Ke6 33. Ke2
Kd5 34. Kd3 b4 35. e4+ Kc6 36. e5 Be7 37. Kc4 h6 38. Be3 a5 39. h3 Bf8 40. Bd2
Be7 41. Be3 Bf8 42. Bd4 Be7 43. Be3 Bf8 1/2-1/2

[Event "Amager Aabne Klubmesterskab G3 2015"]
[Site "Sundbyoster"]
[Date "2015.02.24"]
[Round "3"]
[White "Tronning, Mark Philip"]
[Black "Jensen, Jonbert"]
[Result "1-0"]
[WhiteElo "1359"]
[BlackElo "1328"]
[PlyCount "83"]
[EventDate "2015.??.??"]

1. e4 d6 2. Nc3 Nc6 3. Be2 Nf6 4. Nf3 g6 5. d3 Bg7 6. Bd2 O-O 7. O-O e5 8. Re1
Bg4 9. h3 Bxf3 10. Bxf3 Nd4 11. a3 Qd7 12. Be3 Nxf3+ 13. Qxf3 c6 14. Bg5 Nh5
15. g4 Nf4 16. Bxf4 exf4 17. Qxf4 Be5 18. Qg5 Rae8 19. f4 Bd4+ 20. Kh2 Bg7 21.
f5 Kh8 22. f6 Re5 23. fxg7+ Kxg7 24. Qh4 h5 25. g5 Qe7 26. Rg1 Re8 27. Raf1 d5
28. Rf6 dxe4 29. Nxe4 Qc7 30. Qf4 Rf8 31. Rf1 Re7 32. Qxc7 Rxc7 33. Nc5 Re7 34.
Ne4 Rc7 35. b4 b6 36. c4 Rd8 37. Nd6 Rf8 38. Re1 Rd7 39. Ref1 Re7 40. Ne4 Rc7
41. R1f3 Re7 42. Rxc6 1-0

[Event "Amager Aabne Klubmesterskab G3 2015"]
[Site "Sundbyoster"]
[Date "2015.02.24"]
[Round "3"]
[White "Andersen, Peter"]
[Black "Jensen, Ole Yde"]
[Result "1/2-1/2"]
[WhiteElo "1339"]
[BlackElo "1417"]
[PlyCount "52"]
[EventDate "2015.??.??"]

1. d4 Nf6 2. Bf4 e6 3. Nf3 d5 4. c3 Bd6 5. Bxd6 Qxd6 6. Nbd2 O-O 7. e3 Ne4 8.
Bd3 f5 9. Ne5 Nd7 10. f4 Nxe5 11. fxe5 Qe7 12. Qe2 Bd7 13. O-O-O c5 14. Bxe4
fxe4 15. Rhf1 c4 16. Rxf8+ Rxf8 17. Rf1 b5 18. a3 a5 19. Rxf8+ Qxf8 20. Qf1 Qe7
21. Qf2 b4 22. Nb1 h6 23. h4 Be8 24. g4 g5 25. h5 b3 26. Nd2 a4 1/2-1/2

[Event "Amager Aabne Klubmesterskab G3 2015"]
[Site "Sundbyoster"]
[Date "2015.03.03"]
[Round "4"]
[White "Tronning, Mark Philip"]
[Black "Gade, Jens"]
[Result "1-0"]
[WhiteElo "1359"]
[BlackElo "1348"]
[PlyCount "119"]
[EventDate "2015.??.??"]

1. e4 c5 2. Nf3 d6 3. Be2 Nf6 4. d3 e6 5. O-O Be7 6. Nc3 O-O 7. h3 Nc6 8. Be3
Qb6 9. Na4 Qa5 10. c4 b5 11. cxb5 Qxb5 12. d4 Qb7 13. e5 dxe5 14. dxe5 Nd5 15.
Bxc5 Bxc5 16. Nxc5 Qxb2 17. Nd3 Qb6 18. Rc1 Rd8 19. Qa4 Bd7 20. Nc5 Nxe5 21.
Nxd7 Nxd7 22. Rb1 Qd6 23. Rb7 Nc5 24. Qb5 Nxb7 25. Qxb7 Rdb8 26. Qa6 Qxa6 27.
Bxa6 Rb2 28. Bc4 h6 29. Ne5 f6 30. Nd3 Rd2 31. f4 Kf7 32. f5 Rc8 33. fxe6+ Kxe6
34. Nf4+ Kd6 35. Bxd5 Rxd5 36. Nxd5 Kxd5 37. Rd1+ Ke5 38. Rd7 g6 39. Rxa7 Rc5
40. Re7+ Kf5 41. Re1 Kg5 42. a4 Ra5 43. Ra1 f5 44. Kf2 Kf4 45. Ra3 g5 46. g3+
Ke4 47. Ke2 Kd4 48. Kf3 Kc4 49. h4 Kb4 50. Ra1 Rxa4 51. Rxa4+ Kxa4 52. Ke3 Kb4
53. Kd4 Kb5 54. Ke5 gxh4 55. gxh4 f4 56. Kxf4 Kc5 57. Kf5 Kd5 58. Kg6 h5 59.
Kxh5 Ke6 60. Kg6 1-0

[Event "Amager Aabne Klubmesterskab G3 2015"]
[Site "Sundbyoster"]
[Date "2015.03.03"]
[Round "4"]
[White "Jensen, Ole Yde"]
[Black "Nielsen, Angelo"]
[Result "1-0"]
[WhiteElo "1417"]
[BlackElo "1440"]
[PlyCount "105"]
[EventDate "2015.??.??"]

1. d4 Nf6 2. c4 d6 3. Nc3 g6 4. Nf3 Bg7 5. Bg5 Bg4 6. e3 c6 7. Bd3 Qa5 8. O-O
Bxf3 9. Qxf3 Qxg5 10. Qe2 O-O 11. f4 Qg4 12. Rf3 Na6 13. a3 Nc7 14. Qf2 d5 15.
f5 Ne4 16. Bxe4 dxe4 17. Rf4 Qh5 18. Nxe4 g5 19. g4 Qh4 20. Qxh4 gxh4 21. g5
Ne8 22. Kf2 f6 23. Rg1 fxg5 24. Nxg5 Kh8 25. Ne6 Rf6 26. Kf3 Bh6 27. Ng5 Bxg5
28. Rxg5 Nd6 29. c5 Nf7 30. Rg2 Rg8 31. Rxg8+ Kxg8 32. e4 e5 33. Rg4+ Kf8 34.
Rxh4 Ng5+ 35. Ke3 exd4+ 36. Kd3 Rf7 37. Rh5 Nf3 38. Rh3 Ng5 39. Rg3 h6 40. h4
Nh7 41. Kxd4 Rd7+ 42. Ke5 Kf7 43. Rg6 Re7+ 44. Kf4 h5 45. e5 Kf8 46. Rd6 Ke8
47. f6 Rd7 48. Kf5 Rxd6 49. exd6 Kd7 50. f7 Nf8 51. Kf6 a5 52. Kg7 Ne6+ 53. Kg8
1-0

[Event "Amager Aabne Klubmesterskab G3 2015"]
[Site "Sundbyoster"]
[Date "2015.03.17"]
[Round "5"]
[White "Andersen, Peter"]
[Black "Tronning, Mark Philip"]
[Result "0-1"]
[WhiteElo "1339"]
[BlackElo "1359"]
[PlyCount "38"]
[EventDate "2015.??.??"]

1. g3 d5 2. Bg2 e5 3. d3 Nf6 4. Nf3 Nc6 5. O-O Be7 6. b3 O-O 7. Bb2 a5 8. Nxe5
Nxe5 9. Bxe5 a4 10. Nd2 a3 11. c4 Ng4 12. Nf3 Nxe5 13. Nxe5 Bf6 14. f4 dxc4 15.
dxc4 Qe7 16. Qc2 Bxe5 17. fxe5 Qxe5 18. e4 Bg4 19. Rf4 Qxa1+ 0-1

[Event "Amager Aabne Klubmesterskab G3 2015"]
[Site "Sundbyoster"]
[Date "2015.03.17"]
[Round "5"]
[White "Nielsen, Angelo"]
[Black "Mathiesen, Bjarne"]
[Result "0-1"]
[WhiteElo "1440"]
[BlackElo "1404"]
[PlyCount "52"]
[EventDate "2015.??.??"]

1. f4 d5 2. Nf3 Nc6 3. e3 Nf6 4. Bb5 Bd7 5. Bxc6 Bxc6 6. b3 e6 7. Bb2 Be7 8.
Ne5 Bd6 9. Qe2 Bxe5 10. Bxe5 Qe7 11. g4 d4 12. Rg1 dxe3 13. dxe3 O-O-O 14. Nd2
Ne4 15. Nxe4 Bxe4 16. Qc4 Bd5 17. Qc3 f6 18. Bd4 a6 19. O-O-O Qd6 20. Qa5 Qc6
21. Rd3 Qb5 22. Qa3 Be4 23. Rc3 Rd7 24. Rc5 Qe2 25. g5 Rxd4 26. Rxc7+ Kxc7 0-1

[Event "Amager Aabne Klubmesterskab G3 2015"]
[Site "Sundbyoster"]
[Date "2015.03.24"]
[Round "6"]
[White "Mathiesen, Bjarne"]
[Black "Kinch, Peder"]
[Result "1-0"]
[WhiteElo "1404"]
[BlackElo "1431"]
[PlyCount "43"]
[EventDate "2015.??.??"]

1. e4 e5 2. Nf3 Nc6 3. Bc4 Bc5 4. d3 d6 5. O-O Bg4 6. h3 Bh5 7. Be3 b6 8. Bd5
Nge7 9. g4 Bg6 10. c4 Bd4 11. Bxd4 Nxd5 12. cxd5 Nxd4 13. Nxd4 exd4 14. Qa4+
Qd7 15. Qxd4 O-O 16. f4 f6 17. Nd2 Rfe8 18. Rac1 Rec8 19. Rc6 Be8 20. e5 dxe5
21. fxe5 Qe7 22. exf6 1-0

[Event "Amager Aabne Klubmesterskab G3 2015"]
[Site "Sundbyoster"]
[Date "2015.03.24"]
[Round "6"]
[White "Jensen, Jonbert"]
[Black "Jensen, Ole Yde"]
[Result "1-0"]
[WhiteElo "1328"]
[BlackElo "1417"]
[PlyCount "105"]
[EventDate "2015.??.??"]

1. e4 e6 2. d4 d5 3. exd5 exd5 4. Nf3 Nf6 5. Be2 Bd6 6. O-O O-O 7. Bg5 h6 8.
Bh4 Bf5 9. Ne5 Nbd7 10. Bd3 Bxd3 11. Nxd3 c6 12. Nd2 Qc7 13. f4 Ne4 14. Nxe4
dxe4 15. Ne5 Rfe8 16. Qh5 Nf8 17. Rae1 f6 18. Ng6 Nxg6 19. Qxg6 Qf7 20. Qg3 f5
21. Qc3 Qxa2 22. b3 Qa6 23. Re3 Re6 24. Rh3 Rg6 25. Rg3 Rxg3 26. Bxg3 Qb6 27.
Qc4+ Kf8 28. c3 Re8 29. b4 Qc7 30. Qe2 Qf7 31. c4 Bxb4 32. Rd1 g5 33. Kh1 g4
34. d5 Rd8 35. Qb2 a5 36. Qh8+ Qg8 37. Qf6+ Ke8 38. Bh4 Rd7 39. Qxf5 cxd5 40.
cxd5 Bc3 41. Qxe4+ Kf8 42. f5 h5 43. Qc4 Qf7 44. Qxc3 Qxf5 45. Qc4 Qf7 46. Kg1
Rc7 47. Qd4 Kg8 48. d6 Rd7 49. Be7 Qe6 50. Qd2 Qg6 51. Rf1 b6 52. Rf8+ Kh7 53.
Qb2 1-0

[Event "Amager Aabne Klubmesterskab G3 2015"]
[Site "Sundbyoster"]
[Date "2015.04.07"]
[Round "7"]
[White "Kinch, Peder"]
[Black "Tronning, Mark Philip"]
[Result "0-1"]
[WhiteElo "1431"]
[BlackElo "1359"]
[PlyCount "34"]
[EventDate "2015.??.??"]

1. f4 d5 2. Nf3 g6 3. e3 Nc6 4. d4 Bg7 5. b3 e6 6. Ba3 Nf6 7. Bb5 Bd7 8. O-O
Ne7 9. Bxd7+ Qxd7 10. Nbd2 O-O 11. c4 c6 12. Ne5 Qd8 13. Rf3 Nd7 14. cxd5 cxd5
15. Bd6 Re8 16. Rc1 Rc8 17. b4 Nf5 0-1